Catálogo público

Estudio preliminar de cultivos asociados en las zonas vainilleras de Veracruz y Puebla, cacaotera de Chiapas y Tabasco para su rehabilitación económica / (Record no. 172341)

MARC details
000 -CABECERA
campo de control de longitud fija 00953nam a2200277Ia 4500
001 - NÚMERO DE CONTROL
campo de control dia_1803
003 - IDENTIFICADOR DEL NÚMERO DE CONTROL
campo de control CHAP
005 - FECHA Y HORA DE LA ÚLTIMA TRANSACCIÓN
campo de control 20251021145532.0
008 - DATOS DE LONGITUD FIJA--INFORMACIÓN GENERAL
campo de control de longitud fija 220117s1963 xx 000 0 und d
010 ## - NÚMERO DE CONTROL DE LA BIBLIOTECA DEL CONGRESO
Número de control de LC 172341
040 ## - FUENTE DE LA CATALOGACIÓN
Centro/agencia transcriptor CHAP
082 ## - NÚMERO DE LA CLASIFICACIÓN DECIMAL DEWEY
Número de clasificación 631.4 M66 1963
100 ## - ENTRADA PRINCIPAL--NOMBRE DE PERSONA
Nombre de persona Montoya Hernández, Felipe
9 (RLIN) 77990
245 ## - MENCIÓN DE TÍTULO
Título Estudio preliminar de cultivos asociados en las zonas vainilleras de Veracruz y Puebla, cacaotera de Chiapas y Tabasco para su rehabilitación económica /
Mención de responsabilidad, etc. Felipe Montoya Hernández
260 ## - PUBLICACIÓN, DISTRIBUCIÓN, ETC.
Lugar de publicación, distribución, etc. México :
Nombre del editor, distribuidor, etc. Secretaría de Agrícultura y Ganadería,
Fecha de publicación, distribución, etc. 1963
300 ## - DESCRIPCIÓN FÍSICA
Extensión 48 h.
590 ## - NOTA LOCAL (RLIN)
Nota local SB307.V2 M66 1963
650 ## - PUNTO DE ACCESO ADICIONAL DE MATERIA--TÉRMINO DE MATERIA
Término de materia o nombre geográfico como elemento de entrada Cacao
Subdivisión general Chiapas
9 (RLIN) 16930
650 ## - PUNTO DE ACCESO ADICIONAL DE MATERIA--TÉRMINO DE MATERIA
Término de materia o nombre geográfico como elemento de entrada Cacao
Subdivisión general Tabasco
9 (RLIN) 16973
650 ## - PUNTO DE ACCESO ADICIONAL DE MATERIA--TÉRMINO DE MATERIA
Término de materia o nombre geográfico como elemento de entrada Vainilla
Subdivisión general Puebla
9 (RLIN) 151595
650 ## - PUNTO DE ACCESO ADICIONAL DE MATERIA--TÉRMINO DE MATERIA
Término de materia o nombre geográfico como elemento de entrada Vainilla
Subdivisión general Veracruz
9 (RLIN) 151596
901 ## - ELEMENTOS DE DATOS A LOCAL LDA (RLIN)
a 631.4 M66 1963
902 ## - ELEMENTOS DE DATOS B LOCAL, LDB (RLIN)
a M
905 ## - ELEMENTOS DE DATOS E LOCAL, LDE (RLIN)
a 5232271963 Mx nb 8225123322spa15
942 ## - ELEMENTOS DE PUNTO DE ACCESO ADICIONAL (KOHA)
Tipo de ítem Koha Libro
Fuente del sistema de clasificación o colocación Dewey Decimal Classification
Holdings
Estado de retiro Estado de pérdida Fuente del sistema de clasificación o colocación Estado dañado No para préstamo Código de colección Localización permanente Ubicación/localización actual Ubicación en estantería Fecha de adquisición Información codificada de la localización en otra ubicación Total de préstamos Código de barras Fecha visto por última vez Número de copia Precio válido a partir de Tipo de ítem Koha
    Dewey Decimal Classification     General Ingenieria Agroindustrial Ingenieria Agroindustrial   18/01/2022 1   dia_000289 18/01/2022 1 18/01/2022 Libro